Clinical decision making in therapeutic exercise / (رقم التسجيلة. 31447)
[ عرض عادي ]
| 000 -الفاتح | |
|---|---|
| حقل البيانات ثابتة الطول | 01169pam a2200325 a 4500 |
| 001 - رقم الضبط | |
| رقم الضبط | 2068798 |
| 003 - محدد رقم الضبط | |
| رقم الضبط | OSt |
| 005 - وقت وتاريخ اخر تعامل مع التسجيلة | |
| رقم الضبط | 20150408114144.0 |
| 008 - عناصر البيانات ثابتة الطول - معلومات عامة | |
| حقل البيانات ثابتة الطول | 940425s1995 ctua b 001 0 eng c |
| 010 ## - رقم ضبط مكتبة الكونجرس | |
| رقم ضبط مكتبة الكونجرس | 94020009 |
| 020 ## - الرقم الدولى المعيارى للكتب | |
| الرقم الدولى المعيارى للكتاب | 0838540457 |
| 040 ## - مصدر الفهرسة | |
| وكالة الفهرسة الأصلية | DNLM/DLC |
| وكالة النسخ | DLC |
| وكالة التعديل | DLC |
| 050 00 - رقم طلب مكتبة الكونجرس | |
| رقم التصنيف | RM725 |
| رقم المادة | .S837 1995 |
| 060 10 - رقم الطلب بالمكتبة الطبية الوطنية | |
| رقم التصنيف | WB 541 S951ca 1994 |
| 082 00 - رقم تصنيف ديوى العشرى | |
| رقم التصنيف | 615.8/2 |
| رقم الطبعة | 20 |
| رقم المادة | SPC |
| 100 1# - المدخل الرئيسى - إسم شخصى | |
| الإسم الشخصى | Sullivan, Patricia E., |
| التواريخ المصاحبة للاسم | 1946- |
| 9 (RLIN) | 38214 |
| 245 10 - بيان العنوان | |
| العنوان | Clinical decision making in therapeutic exercise / |
| بيان المسئوليه,etc | Patricia E. Sullivan, Prudence D. Markos. |
| 260 ## - PUBLICATION, DISTRIBUTION, ETC. (IMPRINT) | |
| مكان الناشر او الموزع | Norwalk, Conn. : |
| اسم الناشر او الموزع | Appleton & Lange, |
| تاريخ النشر أو التوزيع | c1995. |
| 300 ## - الوصف المادى | |
| التعداد | xi, 313 p. : |
| تفاصيل ماديه اخرى للوعاء | ill. ; |
| أبعاد الوعاء | 29 cm. |
| 504 ## - تبصرة ببليوجرافية | |
| تبصرة ببليوجرافية,الخ | Includes bibliographical references (p. 303-304) and index. |
| 650 #0 - المدخل الاضافى بالموضوع-مصطلح موضوعى | |
| مصطلح موضوعي أو اسم جغرافي كعنصر مدخل | Exercise therapy |
| التقسيم الفرعي العام | Decision making. |
| 9 (RLIN) | 38215 |
| 650 #2 - المدخل الاضافى بالموضوع-مصطلح موضوعى | |
| مصطلح موضوعي أو اسم جغرافي كعنصر مدخل | Exercise Therapy. |
| 650 #2 - المدخل الاضافى بالموضوع-مصطلح موضوعى | |
| مصطلح موضوعي أو اسم جغرافي كعنصر مدخل | Decision Making. |
| 650 #2 - المدخل الاضافى بالموضوع-مصطلح موضوعى | |
| مصطلح موضوعي أو اسم جغرافي كعنصر مدخل | Rehabilitation. |
| 700 1# - المدخل الاضافى - اسم شخصى | |
| الإسم الشخصى | Markos, Prudence D., |
| التواريخ المصاحبة للاسم | 1940- |
| 9 (RLIN) | 38216 |
| 740 0# - المدخل الاضافى - عنوان مرتبط/تحليلى غير مقيد | |
| العنوان التحليلي/ الرابط غير مقيد | Therapeutic exercise. |
| 906 ## - عنصر بيانات محلى F, LDF (RLIN) | |
| a | 7 |
| b | cbc |
| c | orignew |
| d | 1 |
| e | ocip |
| f | 19 |
| g | y-gencatlg |
| 942 ## - عناصر المدخل الإضافي( كوها) | |
| مصدر التصنيف او مخطط الترفيف | Dewey Decimal Classification |
| Koha [default] item type | كتاب |
| حالة الفقد | نموذج السعر الفعال | حالة تلف | ليس للاعارة | رقم الطلب | تاريخ الاكتساب | الموقع الحالي | الباركود | الفرع الرئيسي | Date last checked out | Date last seen | نوع المادة فى نظام كوها | مصدر التصنيف او خطة الترفيف | Total Checkouts |
|---|---|---|---|---|---|---|---|---|---|---|---|---|---|
| 2013-10-26 | 615.8/2 SPC | 2013-10-26 | المكتبة المركزية بالمجمعة (CL) | 00401940 | المكتبة المركزية بالمجمعة (CL) | 2016-09-05 | 2017-02-26 | كتاب | Dewey Decimal Classification | 1 | |||
| 2013-10-26 | 615.8/2 SPC | 2013-10-26 | المكتبة المركزية بالمجمعة (CL) | 00401941 | المكتبة المركزية بالمجمعة (CL) | 2013-10-26 | كتاب | Dewey Decimal Classification | |||||
| 2013-10-26 | 615.8/2 SPC | 2013-10-26 | المكتبة المركزية بالمجمعة (CL) | 00401942 | المكتبة المركزية بالمجمعة (CL) | 2013-10-26 | كتاب | Dewey Decimal Classification | |||||
| 2013-10-26 | 615.8/2 SPC | 2013-10-26 | مكتبة مجمع الكليات بالزلفى - طلاب (SZM) | 00401943 | مكتبة مجمع الكليات بالزلفى - طلاب (SZM) | 2013-10-26 | كتاب | Dewey Decimal Classification | |||||
| 2013-10-26 | 615.8/2 SPC | 2013-10-26 | مكتبة مجمع الكليات بالزلفى - طلاب (SZM) | 00401944 | مكتبة مجمع الكليات بالزلفى - طلاب (SZM) | 2013-10-26 | كتاب | Dewey Decimal Classification | |||||
| 2013-10-26 | 615.8/2 SPC | 2013-10-26 | مكتبة مجمع الكليات بالزلفى - طلاب (SZM) | 00401945 | مكتبة مجمع الكليات بالزلفى - طلاب (SZM) | 2013-10-26 | كتاب | Dewey Decimal Classification |
